000 00553nam a2200193Ia 4500
005 20250508151620.0
008 008 250505s9999 xx 000 0 eng d
037 _aBooks to be hide in OPAC
040 _aFEDL
_beng
_cFEDL
041 _aeng
_2eng
084 _a378, IOW/O
_qFEDL
100 _aJonas Russell E
_9759604
245 0 _aUniversity of Iowa studies : Studies in education
260 _c1917
300 _a78p.
700 _a Grieder Calvin Wagner Loretta A
_9759605
942 _cHB
_h378, IOW/O
999 _c1330941
_d1330941